U.S states that were once independent nations. - Statistics

General Stats
  • This quiz has been taken 30 times
  • The average score is 4 of 6
Answers on the Grid
Answers color-coded by a green-red scale on the quiz's grid according to % correct below.
Illinois
Texas
Alaska
New York
New Hampshire
Nevada
Vermont
Hawaii
Washington
Virginia
California
Maine
Florida
Oregon
 
Answer Stats
Answer % Correct
Texas
100%
Hawaii
84%
Vermont
72%
California
60%
Florida
48%
Oregon
16%
No matching quizzes found
Score Distribution
Percent of People with Each Score
Percentile by Number Answered
Your Score History
You have not taken this quiz